Normal view
MARC view
- Dr. Prince M.V (Guide)
Entry Personal Name
001 - CONTROL NUMBER
- control field: 2144
003 - CONTROL NUMBER IDENTIFIER
- control field: OSt
005 - DATE AND TIME OF LATEST TRANSACTION
- control field: 20171116165025.0
008 - FIXED-LENGTH DATA ELEMENTS
- fixed length control field: 171116|| aca||aabn | a|a d
040 ## - CATALOGING SOURCE
- Original cataloging agency: OSt
- Transcribing agency: OSt
100 ## - HEADING--PERSONAL NAME
- Personal name: Dr. Prince M.V (Guide)
670 ## - SOURCE DATA FOUND
- Source citation: Work cat.: (OSt)14875: CLAUDIA K.L 2129, STUDIES ON MICROWAVE STEAM DISTILLATION PROCESS FOR EXTRACTION OF LEMONGRASS ESSENTIAL OIL
